banner-ar

علم الطيران / (Record no. 45257)

MARC details
000 -الفاتح
حقل البيانات ثابتة الطول 00522nam a2200193Ia 4500
008 - عناصر البيانات ثابتة الطول - معلومات عامة
حقل البيانات ثابتة الطول 140319s9999 xx 000 0 ara d
040 ## - مصدر الفهرسة
وكالة الفهرسة الأصلية GCL /
وكالة النسخ GCL
082 04 - رقم تصنيف ديوى العشرى
رقم التصنيف 629.132
رقم المادة س ع
100 1# - المدخل الرئيسى - إسم شخصى
الإسم الشخصى ستن، ا.ج
245 10 - بيان العنوان
العنوان علم الطيران /
بيان المسئوليه,etc ستن، ا.ج
700 1# - المدخل الاضافى - اسم شخصى
الإسم الشخصى اسامة الخولى
700 1# - المدخل الاضافى - اسم شخصى
الإسم الشخصى مصطفى العلايلى
490 ## - بيان السلسلة
عنوان السلسلة الالف كتاب
رقم المجلد/ التعيين التسلسلي 0
650 04 - المدخل الاضافى بالموضوع-مصطلح موضوعى
مصطلح موضوعي الضوضاء
650 04 - المدخل الاضافى بالموضوع-مصطلح موضوعى
مصطلح موضوعي الطيران
650 04 - المدخل الاضافى بالموضوع-مصطلح موضوعى
مصطلح موضوعي هندسة الطيران
942 ## - عناصر المدخل الإضافي( كوها)
مصدر التصنيف او مخطط الترفيف Dewey Decimal Classification
Koha [default] item type كتاب
Holdings
حالة التراجع حالة الفقد حالة تلف ليس للاعارة المكان المؤقت الموقع الحالى تاريخ الاكتساب اجمالي اﻻعارات رقم الطلب الباركود تاريخ اخر مشاهدة تاريخ تفعيل السعر نوع وعاء كوها
        مكتبة القاهرة الكبرى مكتبة القاهرة الكبرى 03/26/2014   629.132\س ع 110410 03/26/2014 03/26/2014 كتاب

Powered By

EGPV